Science Quiz

Random Science or Minefield Quiz

Super Science Bunker Quiz Stats

 Plays Quiz Updated Jan 29, 2015

Also try: Geography Bunker
Challenge
Share
Tweet
Embed
Score 0/15 Timer 07:00
57 Plays Today
Question Answer % Correct
????
100%
????
85.7%
????
84%
????
78.1%
????
75.5%
????
51.6%
????
40%
????
27.7%
Question Answer % Correct
????
20.6%
????
18.6%
????
16.1%
????
12.6%
????
8.8%
????
7.2%
????
4.5%

You're not logged in!

Compare scores with friends on all Sporcle quizzes.
OR
Log In

You Might Also Like...

Show Comments

Extras

Top Quizzes Today


Score Distribution

Your Account Isn't Verified!

In order to create a playlist on Sporcle, you need to verify the email address you used during registration. Go to your Sporcle Settings to finish the process.

Report this User

Report this user for behavior that violates our Community Guidelines.

Details: